000 00703cab a2200205 4500
001 WB2314-09
008 090401t1987 xxu||||| |||| 00| 0 eng d
035 _a(Sirsi) u55767
041 _aeng
245 _aWage rises linked to house prices
260 _c1987
350 _a0
490 _aFinancial Times
_v30/3/87 p8
520 _aAccording to a draft paper by two Oxford economists widening regional house price differentials, severely restricting labour mobility, are the main reason for persistent pressure for pay rises.
650 _aEARNINGS RATIO
650 _aJOB MOBILITY
690 _aPROPERTY-RESIDENTIAL PROPERTY-RESIDENTIAL PROPERTY MARKET
942 _n0
948 _c04/03/1997
999 _c34089
_d34089